| 000 | 00536nam a22002057a 4500 | ||
|---|---|---|---|
| 999 |
_c16508 _d16508 |
||
| 003 | ASAB | ||
| 005 | 20181227101650.0 | ||
| 008 | 120504t xxu||||| |||| 00| 0 eng d | ||
| 020 | _a1891389289 | ||
| 038 | _aASAB | ||
| 040 | _cASAB | ||
| 050 | _a572.6, BLA | ||
| 082 | _a572.86 | ||
| 100 |
_aR.D . Blake _912788 |
||
| 245 |
_aInformational Biopoly,ers of Genes and Gene Expression _cR.D . Blake |
||
| 260 |
_aCalifornia _bUniversity science Books _c2005 |
||
| 300 | _a778 P | ||
| 650 |
_aGene Expression _9213 |
||
| 942 |
_2lcc _cBK |
||